00560nam a2200169 a 450000100100000000500170001000800410002702000180006804000250008610000220011124500760013326000320020930000210024150000260026250400720028850400300036000004061920201002034245.0130904s1996 sp 000 0 spa d a9788425419980 aDO-SdBNPbspacBNPHU1 aBeuchot, Mauricio10aHistoria de la filosofía en el México Colonial /cMauricio Beuchot. aBarcelona :bHerder,c1996. a280 p. ;c22 cm. aSegunda reimpresión aIncluye referencias bibliográficas ynotas al pie de las páginas aBibliografía p. 267-280